[Event "Let's Play Chess!"]
[Site "http://www.queenalice.com/game.php?id=392152"]
[Date "2008.4.24"]
[Round "-"]
[White "laurentb121"]
[Black "Gojira"]
[Result "1-0"]
[WhiteElo "2202"]
[BlackElo "2149"]

1. e4 c6 2. d4 d5 3. exd5 cxd5 4. Bd3 Nc6 5. c3 Nf6 6. Bf4 Qb6 7. Qc2 Bg4 8. Nd2
e6 9. Ngf3 Rc8 10. h3 Bh5 11. O-O Be7 12. a3 O-O 13. Rab1 Bg6 14. Bxg6 hxg6 15.
Qd3 Rfd8 16. Rfe1 Bd6 17. Bxd6 Rxd6 18. Ng5 Na5 19. Ndf3 Nd7 20. Ne5 Nxe5 21.
dxe5 Rd7 22. b4 Nc4 23. Qg3 Nxa3 24. Rb3 Nb5 25. Qh4 Rdd8 26. Re3 Rc4 27. Qh7+
Kf8 28. Rf3 1-0

[Event "Go/tech"]
[Site "http://www.queenalice.com/game.php?id=406155"]
[Date "2008.5.21"]
[Round "-"]
[White "Gojira"]
[Black "technicaldraw"]
[Result "1-0"]
[WhiteElo "2145"]
[BlackElo "2053"]

1. c4 Nf6 2. Nf3 e6 3. g3 d5 4. b3 Be7 5. Bg2 O-O 6. O-O b6 7. Bb2 Bb7 8. e3 c5
9. Nc3 dxc4 10. bxc4 Nc6 11. d4 Na5 12. Qd3 cxd4 13. exd4 Ba6 14. Nd2 1-0

[Event "Go/tech"]
[Site "http://www.queenalice.com/game.php?id=406156"]
[Date "2008.5.21"]
[Round "-"]
[White "technicaldraw"]
[Black "Gojira"]
[Result "0-1"]
[WhiteElo "2053"]
[BlackElo "2169"]

1. e4 c6 2. d4 d5 3. Nc3 dxe4 4. Nxe4 Nd7 5. Bc4 Ngf6 6. Ng5 e6 7. Qe2 Nb6 8.
Bb3 h6 9. N5f3 c5 10. Bf4 Bd7 11. Ne5 Be7 12. O-O-O O-O 13. Ngf3 a5 0-1

[Event "Challenge"]
[Site "http://www.queenalice.com/game.php?id=408067"]
[Date "2008.5.25"]
[Round "-"]
[White "killermanic"]
[Black "Gojira"]
[Result "0-1"]
[WhiteElo "1329"]
[BlackElo "2189"]

1. e4 c6 2. Nc3 d5 3. exd5 cxd5 4. d4 a6 5. Bf4 Nf6 6. h3 e6 7. a3 Nc6 8. Nf3
Bd6 9. Bxd6 Qxd6 10. Be2 O-O 11. O-O Re8 12. Re1 b5 13. Bd3 Bb7 14. Ne5 Nxd4 15.
Bxh7+ Nxh7 16. Qxd4 f6 17. Ng6 Nf8 18. Nxf8 Rxf8 19. b4 e5 20. Qd1 Qc6 21. Qd2
d4 22. f3 dxc3 23. Qd3 Rad8 24. Qe4 Qc7 25. Qe3 Rd2 26. Rac1 Qf7 27. Red1 Rfd8
28. Rxd2 cxd2 29. Rd1 Qd5 30. Kf2 Bc8 31. Ke2 Qc4+ 32. Kf2 Qxc2 33. Qe2 Be6 34.
Qe3 Qxd1 0-1

[Event "Let's Play Chess!"]
[Site "http://www.queenalice.com/game.php?id=411403"]
[Date "2008.6.1"]
[Round "-"]
[White "Gambitshark"]
[Black "Gojira"]
[Result "1-0"]
[WhiteElo "2610"]
[BlackElo "2181"]

1. e4 c6 2. d4 d5 3. e5 Bf5 4. Nf3 e6 5. Be2 c5 6. Be3 Qb6 7. Nc3 c4 8. O-O Nd7
9. b3 cxb3 10. axb3 Bb4 11. Na4 Qc6 12. c3 Ba5 13. Rc1 Ne7 14. b4 b5 15. bxa5
bxa4 16. c4 O-O 17. cxd5 Qxd5 18. Qxa4 Rfc8 19. Nd2 Rab8 20. Bf3 Qb5 21. Qxb5
Rxb5 22. Rxc8+ Nxc8 23. Rc1 Ne7 24. g4 Bg6 25. Rc7 Nxe5 26. dxe5 1-0

[Event "Let's Play Chess!"]
[Site "http://www.queenalice.com/game.php?id=411404"]
[Date "2008.6.1"]
[Round "-"]
[White "Gojira"]
[Black "Gambitshark"]
[Result "0-1"]
[WhiteElo "2181"]
[BlackElo "2609"]

1. d4 Nf6 2. Nf3 g6 3. g3 Bg7 4. Bg2 O-O 5. O-O d6 6. c4 c5 7. dxc5 dxc5 8. Nc3
Nc6 9. e4 Bg4 10. h3 Bxf3 11. Bxf3 Nd7 12. Be3 e6 13. Qd2 Nde5 14. Be2 Qxd2 15.
Bxd2 Nd4 16. Be3 Nxe2+ 17. Nxe2 Nxc4 18. Bxc5 Rfc8 19. Bd4 Nd2 20. Bxg7 Kxg7 21.
Rfc1 Nxe4 22. Kf1 e5 23. Ke1 Nc5 24. Rc3 e4 25. b3 Nd3+ 26. Kf1 Rxc3 27. Nxc3 f5
28. Ke2 Rc8 0-1

[Event "Let's Play Chess!"]
[Site "http://www.queenalice.com/game.php?id=418923"]
[Date "2008.6.17"]
[Round "-"]
[White "Gojira"]
[Black "Donidon"]
[Result "1-0"]
[WhiteElo "2181"]
[BlackElo "2284"]

1. d4 Nf6 2. c4 b6 3. Nc3 Bb7 4. Qc2 e6 5. e4 Nc6 6. Nge2 Be7 7. f3 Nb4 8. Qb1
O-O 9. Ng3 d5 10. cxd5 exd5 11. e5 Ne8 12. a3 Nc6 13. Be3 Nxe5 14. dxe5 d4 15.
Bd2 dxc3 16. Bxc3 1-0

[Event "Let's Play Chess!"]
[Site "http://www.queenalice.com/game.php?id=419891"]
[Date "2008.6.22"]
[Round "-"]
[White "barechess"]
[Black "Gojira"]
[Result "1-0"]
[WhiteElo "2196"]
[BlackElo "2165"]

1. e4 c6 2. d4 d5 3. Nd2 dxe4 4. Nxe4 Bf5 5. Ng3 Bg6 6. Be2 Qc7 7. h4 h6 8. Nh3
e6 9. Nf4 Bh7 10. O-O Nf6 11. Bh5 g6 12. Be2 Bd6 13. Nh3 h5 14. Bh6 Nbd7 15. Ng5
Bf8 16. Bxf8 Rxf8 17. Qd2 O-O-O 18. c4 e5 19. d5 Nb6 20. Rad1 cxd5 21. cxd5 Kb8
22. d6 Qd7 23. f4 exf4 24. Rxf4 Nbd5 25. Nxh7 Nxf4 26. Nxf6 Nxe2+ 27. Qxe2 Qa4
28. b3 Qxh4 29. Qe7 Qxg3 30. Nd7+ Ka8 31. Nxf8 Rb8 32. d7 Qc7 33. d8=Q 1-0

[Event "Challenge"]
[Site "http://www.queenalice.com/game.php?id=425878"]
[Date "2008.7.1"]
[Round "-"]
[White "Gojira"]
[Black "Kiwizany"]
[Result "0-1"]
[WhiteElo "2186"]
[BlackElo "2131"]

1. d4 Nf6 2. c4 e6 3. Nc3 d5 4. Bg5 Be7 5. e3 b6 6. Nf3 O-O 7. Bd3 Bb7 8. cxd5
Nxd5 9. Nxd5 Bxd5 10. Bf4 g5 11. Nxg5 Bxg5 12. Qh5 h6 13. Qg4 f5 14. Qg3 Kh7 15.
Bxc7 Qd7 16. O-O Rg8 17. Qd6 Be7 18. Qxd7 Rxg2+ 19. Kh1 Nxd7 20. e4 fxe4 21.
Kxg2 exd3+ 22. Kh3 Bf6 23. Rfd1 Be4 24. Rac1 Bxd4 25. Rc4 e5 26. f4 Bf5+ 27. Kg3
Rg8+ 0-1

[Event "Let's Play Chess!"]
[Site "http://www.queenalice.com/game.php?id=426043"]
[Date "2008.7.2"]
[Round "-"]
[White "carbon"]
[Black "Gojira"]
[Result "1/2-1/2"]
[WhiteElo "2130"]
[BlackElo "2149"]

1. e4 c6 2. d4 d5 3. e5 Bf5 4. Nf3 e6 5. Be2 c5 6. Be3 Nd7 7. c4 dxc4 8. Nc3 a6
9. Bxc4 cxd4 10. Bxd4 Bc5 11. O-O Ne7 12. Qe2 O-O 13. Rfd1 Qc7 14. Bxc5 Nxc5 15.
Nd4 b5 16. Bb3 Nxb3 17. axb3 Rfd8 18. Rac1 Qb7 19. Nxf5 Nxf5 20. Ne4 Nd4 21. Qe3
Nf5 22. Qg5 Qe7 23. Qf4 Rxd1+ 24. Rxd1 Rd8 25. Rd2 Qc7 26. Nc3 a5 27. Rxd8+ Qxd8
28. b4 Kf8 29. Qe4 g6 30. g3 axb4 31. Qxb4+ Kg7 32. Qxb5 Qd2 33. Qe2 Qd4 34. Kg2
h5 35. Qe4 Qd2 36. Qe2 1/2-1/2

[Event "Challenge"]
[Site "http://www.queenalice.com/game.php?id=429264"]
[Date "2008.7.7"]
[Round "-"]
[White "chessgoddess"]
[Black "Gojira"]
[Result "1-0"]
[WhiteElo "2176"]
[BlackElo "2206"]

1. e4 c6 2. d4 g6 3. Nc3 Bg7 4. Be3 d5 5. Qd2 Nf6 6. e5 Ne4 7. Nxe4 dxe4 8.
O-O-O a5 9. Bh6 O-O 10. h4 Bg4 11. Be2 Bxe2 12. Nxe2 f5 13. h5 e6 14. hxg6 Qd7
15. Qg5 Bxh6 16. Rxh6 1-0

[Event "Never afraid"]
[Site "http://www.queenalice.com/game.php?id=436038"]
[Date "2008.7.20"]
[Round "-"]
[White "Gambitshark"]
[Black "Gojira"]
[Result "1-0"]
[WhiteElo "2628"]
[BlackElo "2148"]

1. e4 c6 2. d4 d5 3. e5 Bf5 4. Nf3 e6 5. Be2 Nd7 6. O-O Ne7 7. Nbd2 c5 8. c4
cxd4 9. Nb3 dxc4 10. Nbxd4 Bd3 11. Bxd3 cxd3 12. Qxd3 Nd5 13. Bd2 Be7 14. Rac1
O-O 15. Nf5 f6 16. Nxe7+ Qxe7 17. exf6 N7xf6 18. Rfe1 Rac8 19. Rxc8 Rxc8 20. Ng5
Rc6 21. Nxh7 Nxh7 22. Qxd5 Qd6 23. Qxd6 Rxd6 24. Be3 a6 25. Rc1 Rc6 26. Rxc6
bxc6 27. Kf1 Nf6 28. Ke2 Kf7 29. Kd3 Ke7 30. Bg5 Kd6 31. Bxf6 gxf6 32. Kc4 c5
33. h4 1-0

[Event "Let's Play Chess!"]
[Site "http://www.queenalice.com/game.php?id=436896"]
[Date "2008.7.22"]
[Round "-"]
[White "Gojira"]
[Black "chessgoddess"]
[Result "0-1"]
[WhiteElo "2149"]
[BlackElo "2324"]

1. d4 Nf6 2. c4 e6 3. g3 c5 4. Nf3 d5 5. cxd5 exd5 6. Bg2 Be7 7. O-O O-O 8. Nc3
h6 9. Bf4 Bf5 10. Bxb8 Rxb8 11. dxc5 Bxc5 12. Nd4 Be4 13. Nxe4 dxe4 14. Nb3 Bb6
15. Qc2 Rc8 16. Qb1 e3 17. f3 Qe7 18. Rc1 Qe6 19. Qd3 Rfd8 20. Rxc8 Qxc8 21. Rc1
Rxd3 22. Rxc8+ Kh7 23. Rc1 Rd2 24. Kf1 Rxb2 25. Ra1 Nd5 26. f4 Nb4 27. Bxb7 Nxa2
28. Nc1 Nc3 29. Bf3 a5 30. Nd3 Rc2 31. h3 f5 32. g4 fxg4 33. hxg4 a4 34. Ra3 g6
35. Bc6 Nxe2 36. Bxa4 Ng3+ 37. Ke1 Ba5+ 38. Kd1 Rd2+ 39. Kc1 Ne2+ 40. Kb1 Nc3+
41. Kc1 Rxd3 0-1

[Event "Challenge"]
[Site "http://www.queenalice.com/game.php?id=443483"]
[Date "2008.8.4"]
[Round "-"]
[White "Ahlkhanvio"]
[Black "Gojira"]
[Result "0-1"]
[WhiteElo "2157"]
[BlackElo "2143"]

1. d4 f5 2. Nc3 Nf6 3. Bg5 d5 4. Bxf6 exf6 5. e3 Be6 6. Bd3 Nc6 7. Qf3 g6 8.
Nge2 Nb4 9. Nf4 Nxd3+ 10. cxd3 Bf7 11. Nfxd5 c6 12. Nf4 Bd6 13. O-O O-O 14. h4
Qd7 15. d5 g5 16. dxc6 bxc6 17. Nh5 Be6 18. Rac1 Rac8 19. d4 Qf7 20. Ng3 g4 21.
Qd1 h5 22. Qc2 Bxg3 23. fxg3 Qg6 24. Ne2 Qh7 25. Nf4 Bd7 26. Qc4+ Kh8 27. Rfd1
Rfe8 28. Kf2 Re7 29. Qc5 Rce8 0-1

[Event "Elgringo only!"]
[Site "http://www.queenalice.com/game.php?id=452709"]
[Date "2008.8.24"]
[Round "-"]
[White "Elgringo"]
[Black "Gojira"]
[Result "0-1"]
[WhiteElo "1500"]
[BlackElo "2148"]

1. e4 e5 2. Nf3 Nf6 3. g3 Nc6 4. Bd3 d5 5. exd5 Nxd5 6. O-O Bd6 7. Bb5 O-O 8. d3
Bg4 9. c4 Nd4 10. Nbd2 Nb4 11. Nb3 Bxf3 12. Nxd4 Bxd1 13. Rxd1 exd4 14. b3 c6
15. a4 cxb5 16. axb5 Re8 17. Bb2 Qf6 18. Kg2 Re2 19. Rf1 Rxb2 0-1

[Event "Challenge"]
[Site "http://www.queenalice.com/game.php?id=466152"]
[Date "2008.9.20"]
[Round "-"]
[White "Gojira"]
[Black "fernando1971"]
[Result "0-1"]
[WhiteElo "2158"]
[BlackElo "2296"]

1. c4 e5 2. Nc3 Nc6 3. Nf3 Bb4 4. Nd5 Bc5 5. e4 Nf6 6. Nxf6+ Qxf6 7. Be2 Qg6 8.
O-O Qxe4 9. Re1 O-O 10. d3 Qf5 11. Be3 Bxe3 12. fxe3 d6 13. Qd2 Qg6 14. Rf1 f5
15. Rf2 f4 16. Raf1 Bd7 17. exf4 Rxf4 18. Qc3 Raf8 19. Nd2 Bh3 20. g3 Bxf1 21.
Rxf4 Bxe2 0-1

[Event "Challenge"]
[Site "http://www.queenalice.com/game.php?id=471786"]
[Date "2008.10.2"]
[Round "-"]
[White "Spassky"]
[Black "Gojira"]
[Result "0-1"]
[WhiteElo "2211"]
[BlackElo "2152"]

1. c4 f5 2. d4 Nf6 3. Nf3 g6 4. Nc3 Bg7 5. Bf4 d6 6. Qc2 O-O 7. e3 c6 8. Be2 h6
9. h4 Nbd7 10. Nd2 e5 11. dxe5 dxe5 12. Bg3 Qe7 13. O-O-O e4 14. h5 g5 15. Kb1
Ne5 0-1